Quy hoạch phát triển mạng viễn thông

সংরক্ষণ করুন:
গ্রন্থ-পঞ্জীর বিবরন
সংস্থা লেখক: Viện kinh tế bưu điện
বিন্যাস: গ্রন্থ
ভাষা:Undetermined
প্রকাশিত: H. KHKT 2000
বিষয়গুলি:
ট্যাগগুলো: ট্যাগ যুক্ত করুন
কোনো ট্যাগ নেই, প্রথমজন হিসাবে ট্যাগ করুন!
Thư viện lưu trữ: Trung tâm Học liệu Trường Đại học Cần Thơ
LEADER 00608nam a2200205Ia 4500
001 CTU_62074
008 210402s9999 xx 000 0 und d
020 |b 38500 
082 |a 384.041 
082 |b V305 
110 |a Viện kinh tế bưu điện 
245 0 |a Quy hoạch phát triển mạng viễn thông 
245 0 |c Viện kinh tế bưu điện 
260 |a H. 
260 |b KHKT 
260 |c 2000 
650 |a telecommunication systems,telecommunication 
650 |x equipments and supplies 
904 |i Minh 
980 |a Trung tâm Học liệu Trường Đại học Cần Thơ